| 000 | 00451nam a2200145 a 4500 | ||
|---|---|---|---|
| 001 | 000043189 | ||
| 005 | 20201002040716.0 | ||
| 008 | 140221s1993 cu 000 0 spa d | ||
| 020 | _a9507423516 | ||
| 040 |
_aDO-SdBNP _bspa _cBNPHU |
||
| 100 | 1 |
_aGilbert, Abel _d1960- _970780 |
|
| 245 | 1 | 0 |
_aCuba de Vuelta : _bel presente y el futuro de los hijos de la revolución / _cAbel Gilbert. |
| 260 |
_aArgentina : _bPlaneta, _c1993. |
||
| 300 |
_a320 p. ; _c23 cm. |
||
| 999 |
_c42678 _d42678 |
||